Statistics for Guess The Album By 3 Songs #4

Click here to take the quiz!

General Stats

  • This quiz has been taken 23 times
  • The average score is 4 of 10

Answer Stats

SongsAlbum% Correct
Paparazzi
Money Honey
Boys Boys Boys
The Fame - Lady Gaga
75%
Many men
In Da Club
21 Questions
Get Rich Or Die Tryin' - 50 Cent
67%
Too Many Nights
Creepin'
Lock On Me
Heroes & Villains - Metro Boomin
42%
Airbag
Exit Music (For A Film)
Let Down
Ok Computer - Radiohead
42%
Shout
Everybody Wants To Rule The World
Listen
Songs From The Big Chair - Tears For Fears
42%
One Call Away
Marvin Gaye
See You Again
Nine Track Mind - Charlie Puth
33%
Traitor
Enough For You
Happier
Sour - Olivia Rodrigo
33%
Soul Kitchen
Light My Fire
Take It As It Comes
The Doors - The Doors
33%
Hey Brother
Addicted To You
Dear Boy
True - Avicii
33%
Hold Me Closer
Cold Heart
One Of Me
The Lockdown Sessions - Elton John
8%

Score Distribution

Percentile by Number Answered

Percent of People with Each Score

Your Score History

You have not taken this quiz